00936nam a2200265 a 450000100100000000500170001000800410002702000180006804000250008608200160011110000370012724500720016425000110023626000260024730000210027350000570029450400330035165100510038465100490043565000390048465100500052365000430057365000200061670000340063600000685420250621074005.0090903s2009 dr 000 0 spa d a9789945866032 aDO-SdBNPbspacBNPHU a337.1bR4661 aReynoso Reynoso, Antonio,d1954-10aGlobalización :b¿fin de la ética? /cAntonio Reynoso Reynoso. a2a ed. aSanto Domingo,c2009. a198 p. ;c21 cm. aIncluye datos biográficos del autor en las solapas aBibliografías : p. 193-198 4aRepública DominicanaxPolítica Económica 4aRepública DominicanaxPolítica Comercial 4aGlobalizaciónxDesarrollo social 0aRepública DominicanaxPolítica y gobierno 4aGlobalizaciónxAspectos económicos 0aGlobalización1 aSoto, Nolberto Luis,epról.